Моделирование бизнес-процессов: использование диаграмм UML и BPWin; Прогрессивные технологии и экономика в машиностроении
| Parent link: | Прогрессивные технологии и экономика в машиностроении.— 2026.— С. 376-378 |
|---|---|
| Main Author: | |
| Other Authors: | |
| Summary: | В статье рассматриваются основы инструментов диаграмм UML и BPWin и способы их эффективного использования для улучшения бизнес-процессов This article discusses the basics of UML and BPWin diagramming tools and how to use them effectively to improve business processes Текстовый файл |
| Language: | Russian |
| Published: |
2026
|
| Subjects: | |
| Online Access: | http://earchive.tpu.ru/handle/11683/138658 |
| Format: | Electronic Book Chapter |
| KOHA link: | https://koha.lib.tpu.ru/cgi-bin/koha/opac-detail.pl?biblionumber=686604 |
MARC
| LEADER | 00000naa2a2200000 4500 | ||
|---|---|---|---|
| 001 | 686604 | ||
| 005 | 20260528133204.0 | ||
| 090 | |a 686604 | ||
| 100 | |a 20260525d2026 k||y0rusy50 ca | ||
| 101 | 0 | |a rus | |
| 102 | |a RU | ||
| 135 | |a drbn ---uucaa | ||
| 200 | 1 | |a Моделирование бизнес-процессов: использование диаграмм UML и BPWin |f Я. Тарабыкин |g науч. рук. Разумников С. В. | |
| 320 | |a Список использованных источников: 2 назв | ||
| 330 | |a В статье рассматриваются основы инструментов диаграмм UML и BPWin и способы их эффективного использования для улучшения бизнес-процессов | ||
| 330 | |a This article discusses the basics of UML and BPWin diagramming tools and how to use them effectively to improve business processes | ||
| 336 | |a Текстовый файл | ||
| 463 | 1 | |0 686257 |9 686257 |t Прогрессивные технологии и экономика в машиностроении |o сборник трудов XVII Всероссийской научно-практической конференции для студентов и учащейся молодежи 16–18 апреля 2026 г., г. Юрга |c Томск |d 2026 |n Изд-во ТПУ |u conference_tpu-2026-C57.pdf |v С. 376-378 | |
| 545 | 1 | |a Информационные технологии, экономика, управление | |
| 610 | 1 | |a электронный ресурс | |
| 610 | 1 | |a труды учёных ТПУ | |
| 610 | 1 | |a бизнес-процессы | |
| 610 | 1 | |a моделирование | |
| 610 | 1 | |a диаграмма | |
| 610 | 1 | |a UML | |
| 610 | 1 | |a BPWin | |
| 700 | 1 | |a Тарабыкин |b Я. | |
| 702 | 1 | |a Разумников |b С. В. |c специалист в области информатики и вычислительной техники |c доцент Юргинского технологического института (филиала) Томского политехнического университета, кандидат технических наук |f 1988- |g Сергей Викторович |4 727 | |
| 801 | 0 | |a RU |b 63413507 |c 20260525 | |
| 850 | |a 63413507 | ||
| 856 | 4 | 0 | |u http://earchive.tpu.ru/handle/11683/138658 |z http://earchive.tpu.ru/handle/11683/138658 |
| 942 | |c CF | ||